000 014380000a22003250004500
003 EG-GICUC
005 20250223025956.0
008 061207s2006 ua f m 000 0 eng d
040 _aEG-GICUC
_beng
_cEG-GICUC
041 0 _aEng
049 _aDeposite
097 _aPh.D
099 _aCai01.02.12.Ph.D.2006.Ha.M
100 0 _aHala Mohamed Kamel Amin Ayoub
245 1 0 _aThemother - daughter bond and the Journey back To the motherland infour novels by paule marshall /
_cHala Mohamed Kamel Amin Ayoub ; Supervised Amin Yassin Elayouti
246 1 5 _aرابطة الام والابنة ورحلة العودة الى الوطن الام فى اربع روايات لبول مارشال
260 _aCairo :
_bHala Mohamed Kamel Amin Ayoub ,
_c2006
300 _a223P ;
_c25cm
502 _aThesis (PH.D.) - Cairo University - Faculty Of Arts - Department Of English
520 _aMarshall is a pioneer among African American women writers who examine the bond between black mother and daughter and end the long separation that has been imposed on black mothers and daughters in a racial , patriarchal society
530 _aIssued also as CD
653 4 _aJourney Back
653 4 _aPaule Marshall
653 4 _aThe Mother - Daughter Bond
700 0 _aAmin Yassin Elayouti ,
_eSupervisor
856 _uhttp://172.23.153.220/th.pdf
905 _aAmira
_eCataloger
905 _aEsam
_eRevisor
942 _2ddc
_cTH
999 _c24757
_d24757